|
|
|
|
| LEADER |
01396nta a2200229 i 4500 |
| 001 |
dolg26225 |
| 005 |
20231106135924.0 |
| 008 |
231106suuuu hu o 0|| hun d |
| 040 |
|
|
|a PEREPO DOLGOZAT
|b hun
|
| 041 |
|
|
|a hun
|
| 100 |
1 |
|
|a Kalmár Laura
|
| 245 |
1 |
0 |
|a Hagyományos szerződés modern köntösben - elektronizálás
|h [elektronikus dokumentum] /
|c Laura Kalmár
|
| 520 |
3 |
|
|a Dolgozatom célja duális gyakorlati helyemen jelenleg is a fejlesztés szakaszában lévő rendszer logikai tervezésének bemutatása. A zalaegerszegi székhelyű Zalaszám Informatika Kft. kivételes tudásbázissal és közel negyven éves tapasztalatot magának tudó, dinamikusan fejlődő, tőkeerős vállalkozás. „Célja, hogy az informatikai termék-előállítás és szolgáltatások piacán és az információbiztonság területén minden partnere számára folyamatosan kiemelkedő és egyenletes minőséget, magas megbízhatóságot biztosítson.
|
| 695 |
|
|
|a digitalizálás - digitalizáció
|
| 695 |
|
|
|a informatika
|
| 695 |
|
|
|a domain - tartománynév
|
| 695 |
|
|
|a szerződés
|
| 695 |
|
|
|a vállalati informatika
|
| 695 |
|
|
|a szolgáltatás - szolgáltatások
|
| 695 |
|
|
|a technológiafejlesztés - technológiai fejlődés
|
| 700 |
2 |
|
|a Nagyné Halász Zsuzsanna
|e ths
|
| 856 |
4 |
0 |
|u https://perepo-dolgozat.uni-pannon.hu/id/eprint/26225/1/kalm%C3%A1r_laura_2020TDK.pdf
|z Dokumentum-elérés
|